<?xml version="1.0" encoding="UTF-8"?>
<collection xmlns="http://www.loc.gov/MARC21/slim">
 <record>
  <leader>01427oam2a22003131  4500</leader>
  <controlfield tag="001">in00000003534</controlfield>
  <controlfield tag="005">20230113141654.5</controlfield>
  <datafield tag="010" ind1=" " ind2=" ">
   <subfield code="a">978-7-100-00500-5</subfield>
   <subfield code="d">CNY25.00</subfield>
  </datafield>
  <datafield tag="035" ind1=" " ind2=" ">
   <subfield code="a">005532727</subfield>
  </datafield>
  <datafield tag="100" ind1=" " ind2=" ">
   <subfield code="a">20120716e20101972em y0chiy0110    ea</subfield>
  </datafield>
  <datafield tag="101" ind1="1" ind2=" ">
   <subfield code="a">chi</subfield>
   <subfield code="c">eng</subfield>
  </datafield>
  <datafield tag="102" ind1=" " ind2=" ">
   <subfield code="a">CN</subfield>
   <subfield code="b">110000</subfield>
  </datafield>
  <datafield tag="105" ind1=" " ind2=" ">
   <subfield code="a">y   z   000yy</subfield>
  </datafield>
  <datafield tag="106" ind1=" " ind2=" ">
   <subfield code="a">r</subfield>
  </datafield>
  <datafield tag="200" ind1="1" ind2=" ">
   <subfield code="a">国民财富的性质和原因的研究</subfield>
   <subfield code="9">guo min cai fu de xing zhi he yuan yin de yan jiu</subfield>
   <subfield code="h">上卷</subfield>
   <subfield code="d">An inquiry into the nature and causes of the wealth of nations</subfield>
   <subfield code="h">Vol. I</subfield>
   <subfield code="f">(英)亚当·斯密(Adam Smith)著</subfield>
   <subfield code="g">郭大力，王亚南译</subfield>
   <subfield code="z">eng</subfield>
  </datafield>
  <datafield tag="210" ind1=" " ind2=" ">
   <subfield code="a">北京</subfield>
   <subfield code="c">商务印书馆</subfield>
   <subfield code="d">1972</subfield>
   <subfield code="h">2010重印</subfield>
  </datafield>
  <datafield tag="215" ind1=" " ind2=" ">
   <subfield code="a">383页</subfield>
   <subfield code="d">20cm</subfield>
  </datafield>
  <datafield tag="225" ind1="2" ind2=" ">
   <subfield code="a">汉译世界学术名著丛书</subfield>
  </datafield>
  <datafield tag="305" ind1=" " ind2=" ">
   <subfield code="a">据牛津大学1880年版译出</subfield>
  </datafield>
  <datafield tag="330" ind1=" " ind2=" ">
   <subfield code="a">本书通过对资本主义生产关系的剖析，探讨了如何促进国民财富的增长问题，明确提出了劳动决定价值的理论。</subfield>
  </datafield>
  <datafield tag="461" ind1=" " ind2="0">
   <subfield code="1">2001 </subfield>
   <subfield code="a">汉译世界学术名著丛书</subfield>
  </datafield>
  <datafield tag="500" ind1="1" ind2="0">
   <subfield code="a">原富</subfield>
   <subfield code="9">yuan fu</subfield>
  </datafield>
  <datafield tag="510" ind1="1" ind2=" ">
   <subfield code="a">Inquiry into the nature and causes of the wealth of nations</subfield>
   <subfield code="h">Vol. I</subfield>
   <subfield code="z">eng</subfield>
  </datafield>
  <datafield tag="606" ind1="0" ind2=" ">
   <subfield code="a">古典资产阶级政治经济学</subfield>
  </datafield>
  <datafield tag="690" ind1=" " ind2=" ">
   <subfield code="a">F091.33</subfield>
   <subfield code="v">5</subfield>
  </datafield>
  <datafield tag="701" ind1=" " ind2="0">
   <subfield code="c">(英)</subfield>
   <subfield code="a">斯密</subfield>
   <subfield code="9">si mi</subfield>
   <subfield code="c">(Smith, Adam</subfield>
   <subfield code="f">1723~1790)</subfield>
   <subfield code="4">著</subfield>
  </datafield>
  <datafield tag="702" ind1=" " ind2="0">
   <subfield code="a">郭大力</subfield>
   <subfield code="9">guo da li</subfield>
   <subfield code="f">(1905~1976)</subfield>
   <subfield code="4">译</subfield>
  </datafield>
  <datafield tag="702" ind1=" " ind2="0">
   <subfield code="a">王亚南</subfield>
   <subfield code="9">wang ya nan</subfield>
   <subfield code="f">(1901~1969)</subfield>
   <subfield code="4">译</subfield>
  </datafield>
  <datafield tag="999" ind1="f" ind2="f">
   <subfield code="s">7d5c0d54-c14f-46b2-bd4f-5ffc9ef32416</subfield>
   <subfield code="i">d5cb6460-e322-4458-beba-4b6652243f7b</subfield>
  </datafield>
 </record>
</collection>
